<?xml version="1.0" encoding="UTF-8"?>
<collection xmlns="http://www.loc.gov/MARC21/slim">
 <record>
  <leader>01650nam a2200205Ia 4500</leader>
  <controlfield tag="001">TDMU_29295</controlfield>
  <controlfield tag="008">210410s9999    xx            000 0 und d</controlfield>
  <datafield tag="082" ind1=" " ind2=" ">
   <subfield code="a">624.0218597</subfield>
  </datafield>
  <datafield tag="090" ind1=" " ind2=" ">
   <subfield code="b">V308</subfield>
  </datafield>
  <datafield tag="100" ind1=" " ind2=" ">
   <subfield code="a">Việt Nam (Cộng hòa Xã hội Chủ nghĩa)</subfield>
  </datafield>
  <datafield tag="245" ind1=" " ind2="0">
   <subfield code="a">Luật quản lý, sử dụng vốn nhà nước đầu tư vào sản xuất, kinh doanh tại doanh nghiệp</subfield>
  </datafield>
  <datafield tag="245" ind1=" " ind2="0">
   <subfield code="c">Cộng hòa Xã hội Chủ nghĩa Việt Nam</subfield>
  </datafield>
  <datafield tag="260" ind1=" " ind2=" ">
   <subfield code="a">H.</subfield>
  </datafield>
  <datafield tag="260" ind1=" " ind2=" ">
   <subfield code="b">Chính trị quốc gia - Sự thật</subfield>
  </datafield>
  <datafield tag="260" ind1=" " ind2=" ">
   <subfield code="c">2015</subfield>
  </datafield>
  <datafield tag="300" ind1=" " ind2=" ">
   <subfield code="a">82tr.</subfield>
  </datafield>
  <datafield tag="520" ind1=" " ind2=" ">
   <subfield code="a"> Giới thiệu toàn văn Luật quản lý, sử dụng vốn nhà nước đầu tư vào sản xuất, kinh doanh tại doanh nghiệp gồm các quy định chung và quy định cụ thể về đầu tư vốn nhà nước vào doanh nghiệp; quản lý sử dụng vốn, tài sản tại doanh nghiệp do nhà nước nắm giữ 100% vốn điều lệ; cơ cấu lại vốn nhà nước tại doanh nghiệp; quyền, trách nhiệm của đại diện chủ sở hữu nhà nước... và điều khoản thi hành</subfield>
  </datafield>
  <datafield tag="650" ind1=" " ind2=" ">
   <subfield code="a">Văn bản pháp luật</subfield>
   <subfield code="x">Vốn nhà nước</subfield>
   <subfield code="x">Vốn đầu tư</subfield>
   <subfield code="x">Doanh nghiệp</subfield>
   <subfield code="y">2014</subfield>
   <subfield code="z">Việt Nam; Pháp luật</subfield>
   <subfield code="x">Vốn nhà nước</subfield>
   <subfield code="x">Vốn đầu tư</subfield>
   <subfield code="x">Doanh nghiệp</subfield>
   <subfield code="y">2014</subfield>
   <subfield code="z">Việt Nam; Luật lệ và sắc lệnh</subfield>
  </datafield>
  <datafield tag="856" ind1=" " ind2=" ">
   <subfield code="u">http://lrc.tdmu.edu.vn/opac/search/detail.asp?aID=2&amp;ID=29295</subfield>
  </datafield>
  <datafield tag="980" ind1=" " ind2=" ">
   <subfield code="a">Trung tâm Học liệu Trường Đại học Thủ Dầu Một</subfield>
  </datafield>
 </record>
</collection>
